[Event "DEM U12/U12w 2009"]
[Site "Willingen GER"]
[Date "2009.05.31"]
[Round "1"]
[White "Kast, Joannis"]
[Black "Bosse, Lea"]
[Result "1-0"]
[Termination "normal"]
[Board "33"]
[WhiteElo "1618"]
[BlackElo "1254"]
[PlyCount "103"]
[WhiteFideId "24698776"]
[BlackFideId "12900419"]
[EventCountry "GER"]
[EventRounds "11"]
[EventType "swiss"]
[EventDate "2009.05.30"]

1. e4 d5 2. exd5 Qxd5 3. Nc3 Qa5 4. d4 Nf6 5. Bd2 c6 6. Nge2 Bf5 7. Ng3 Bg6 8.
Nce4 Qc7 9. Nxf6+ gxf6 10. Be3 e6 11. Bd3 Nd7 12. Bxg6 hxg6 13. h3 O-O-O 14. c3
Nb6 15. Qc2 Nc4 16. Ne2 Bd6 17. O-O-O Rd7 18. Rhf1 Be7 19. Qd3 Nb6 20. Qc2 Rhd8
21. Rfe1 e5 22. Kb1 Nc4 23. Kc1 Qd6 24. dxe5 Qxd1+ 25. Rxd1 Rxd1+ 26. Qxd1
Rxd1+ 27. Kxd1 Nxe3+ 28. fxe3 fxe5 29. Kd2 e4 30. g4 Kd7 31. Ng3 Ke6 32. Nxe4
Kd5 33. Kd3 b5 34. b3 c5 35. c4+ bxc4+ 36. bxc4+ Ke5 37. Nd2 Bg5 38. Nf3+ Kf6
39. Nxg5 Kxg5 40. Ke4 Kf6 41. Kd5 g5 42. e4 Ke7 43. Kxc5 Kd7 44. Kd5 a6 45. c5
a5 46. a4 f6 47. c6+ Ke7 48. e5 fxe5 49. Kxe5 Kd8 50. Ke6 Kc8 51. c7 Kb7 52.
Kd7 1-0

[Event "DEM U12/U12w 2009"]
[Site "Willingen GER"]
[Date "2009.05.31"]
[Round "1"]
[White "Herbrig, Marie-Helen"]
[Black "Hecht, Carsten"]
[Result "1-0"]
[Termination "normal"]
[Board "34"]
[WhiteElo "1248"]
[BlackElo "1605"]
[PlyCount "71"]
[WhiteFideId "12900427"]
[BlackFideId "24693928"]
[EventCountry "GER"]
[EventRounds "11"]
[EventType "swiss"]
[EventDate "2009.05.30"]

1. e4 e6 2. d4 d5 3. exd5 exd5 4. Ne2 Bd6 5. Nf4 Ne7 6. Bd3 Nbc6 7. c3 Bxf4 8.
Bxf4 Be6 9. Nd2 Qd7 10. b4 O-O-O 11. a4 Rde8 12. O-O Ng6 13. Bg3 h5 14. h4 Qd8
15. a5 Nf8 16. b5 Nb8 17. b6 cxb6 18. axb6 a6 19. Bc7 Qe7 20. Re1 Nfd7 21. c4
Qf6 22. cxd5 Bxd5 23. Be4 Qxd4 24. Bxd5 Rxe1+ 25. Qxe1 Qxd5 26. Ne4 Ne5 27.
Nd6+ Kd7 28. Rd1 Qe6 29. Nxf7+ Ke8 30. Nxh8 Nbd7 31. Qe3 Ke7 32. Bxe5 Nxe5 33.
Re1 Kd6 34. f4 Qg4 35. Qxe5+ Kd7 36. Qc7# 1-0

[Event "DEM U12/U12w 2009"]
[Site "Willingen GER"]
[Date "2009.05.31"]
[Round "1"]
[White "Brinkmann, Fabian"]
[Black "Oltmanns, Bianca"]
[Result "0-1"]
[Termination "normal"]
[Board "35"]
[WhiteElo "1601"]
[BlackElo "1234"]
[PlyCount "86"]
[WhiteFideId "24661414"]
[BlackFideId "24698008"]
[EventCountry "GER"]
[EventRounds "11"]
[EventType "swiss"]
[EventDate "2009.05.30"]

1. d4 f5 2. h3 Nf6 3. g4 fxg4 4. hxg4 Nxg4 5. Qd3 g6 6. Nf3 d6 7. Ng5 Nf6 8.
Bh3 Bxh3 9. Rxh3 Qd7 10. Rxh7 Rxh7 11. Qxg6+ Kd8 12. Nxh7 Nxh7 13. Qxh7 Nc6 14.
c3 Qe6 15. e4 Qg4 16. Qh1 Kd7 17. Be3 Bg7 18. f3 Qg3+ 19. Bf2 Qf4 20. Nd2 Bh6
21. O-O-O Rh8 22. Kb1 Qf8 23. Qh3+ Kd8 24. Nb3 Be3 25. Qf1 Qxf3 26. Bxe3 Qxe3
27. e5 Kc8 28. Qf5+ Kb8 29. Rf1 a6 30. e6 Qe2 31. Qf3 Qxe6 32. d5 Qg6+ 33. Ka1
Ne5 34. Qd1 Qg2 35. Rg1 Qh2 36. Nd2 Qf4 37. Rf1 Qe3 38. Re1 Qh3 39. Ne4 Qg2 40.
Nd2 Qxd5 41. Re4 Rh2 42. Rd4 Qg2 43. Qf1 Rh1 0-1

[Event "DEM U12/U12w 2009"]
[Site "Willingen GER"]
[Date "2009.05.31"]
[Round "1"]
[White "Diederichs, Luise"]
[Black "Lieber, Carl"]
[Result "0-1"]
[Termination "normal"]
[Board "36"]
[WhiteElo "1209"]
[BlackElo "1587"]
[PlyCount "70"]
[WhiteFideId "24661597"]
[EventCountry "GER"]
[EventRounds "11"]
[EventType "swiss"]
[EventDate "2009.05.30"]

1. c4 Nf6 2. Nc3 e6 3. g3 d5 4. cxd5 exd5 5. Bg2 c6 6. d3 Bf5 7. Bg5 Nbd7 8. e4
dxe4 9. dxe4 Be6 10. Qe2 Be7 11. Rd1 Qa5 12. Nf3 Bg4 13. Bf4 O-O 14. O-O Bb4
15. e5 Bxc3 16. bxc3 Nd5 17. Qd2 Qxc3 18. Qxc3 Nxc3 19. Rxd7 Bxd7 20. Nd2 Be6
21. a3 Rfd8 22. Nf3 h6 23. Be3 Bc4 24. Re1 Bd5 25. Bc5 b6 26. Bd6 Nb5 27. Bb4
a5 28. Bd6 Nxd6 29. exd6 Rxd6 30. Re7 Be6 31. Rb7 Rd1+ 32. Bf1 Bh3 33. Nd2 Rd8
34. Re7 R8xd2 35. Re2 Rxf1# 0-1

[Event "DEM U12/U12w 2009"]
[Site "Willingen GER"]
[Date "2009.05.31"]
[Round "1"]
[White "Srokovskiy, Andrea"]
[Black "Fuchs, Linda"]
[Result "1/2-1/2"]
[Termination "normal"]
[Board "37"]
[WhiteElo "1809"]
[BlackElo "1202"]
[PlyCount "69"]
[WhiteFideId "4624947"]
[BlackFideId "12900435"]
[EventCountry "GER"]
[EventRounds "11"]
[EventType "swiss"]
[EventDate "2009.05.30"]

1. e4 c6 2. d4 d5 3. exd5 cxd5 4. Nf3 Bg4 5. Nc3 Nc6 6. Be2 e6 7. O-O Nf6 8.
Be3 Bd6 9. h3 Bh5 10. Nd2 Bxe2 11. Qxe2 O-O 12. Nf3 Qc7 13. Nb5 Qd7 14. Rad1
Be7 15. Bf4 a6 16. Nc3 Bd6 17. Qe3 Rac8 18. Na4 Qd8 19. Bxd6 Qxd6 20. Qb3 b5
21. Nc5 Nd7 22. Nxa6 b4 23. a3 bxa3 24. bxa3 Ra8 25. Nb4 Rab8 26. c3 Rfc8 27.
Rc1 Na5 28. Qa2 Nc4 29. Nd2 Ndb6 30. Ra1 Ra8 31. Nxc4 Nxc4 32. a4 Ra7 33. Qc2
Rca8 34. Ra2 Qd7 35. Rfa1 1/2-1/2

[Event "DEM U12/U12w 2009"]
[Site "Willingen GER"]
[Date "2009.05.31"]
[Round "1"]
[White "Böhme, Mathis"]
[Black "Hümmecke, Aaron"]
[Result "0-1"]
[Termination "normal"]
[Board "38"]
[WhiteElo "1190"]
[BlackElo "1578"]
[PlyCount "86"]
[WhiteFideId "12900443"]
[BlackFideId "24692522"]
[EventCountry "GER"]
[EventRounds "11"]
[EventType "swiss"]
[EventDate "2009.05.30"]

1. e4 e5 2. f4 exf4 3. Nf3 d6 4. Bc4 h6 5. d4 g5 6. h3 Bg7 7. Nc3 c6 8. Bd2 Nd7
9. Qe2 Nb6 10. Bb3 Ne7 11. O-O-O Bd7 12. d5 c5 13. Rhe1 f6 14. h4 Ng6 15. hxg5
hxg5 16. Rh1 Qc7 17. Rxh8+ Bxh8 18. Rh1 c4 19. Bxc4 Nxc4 20. b3 Nxd2 21. Qxd2
O-O-O 22. Rh6 Ne5 23. Nxe5 dxe5 24. Rh7 Qd6 25. a4 Kb8 26. Qd3 a6 27. g3 Rc8
28. gxf4 exf4 29. Qd4 Bg4 30. e5 fxe5 31. Qd3 Qc5 32. d6 Qxc3 33. Qxc3 Rxc3 34.
Rxh8+ Rc8 35. Rh7 Rxc2+ 36. Kb1 Rd2 37. Rh8+ Ka7 38. Rd8 Kb6 39. Kc1 Rd5 40.
Rg8 Rxd6 41. Rxg5 f3 42. Rg7 f2 43. Rf7 Rd1+ 0-1

[Event "DEM U12/U12w 2009"]
[Site "Willingen GER"]
[Date "2009.05.31"]
[Round "1"]
[White "Schoepe, Tobias"]
[Black "Reksten, Anne"]
[Result "1/2-1/2"]
[Termination "normal"]
[Board "39"]
[WhiteElo "1576"]
[BlackElo "1176"]
[PlyCount "57"]
[WhiteFideId "24692107"]
[BlackFideId "24692778"]
[EventCountry "GER"]
[EventRounds "11"]
[EventType "swiss"]
[EventDate "2009.05.30"]

1. e4 c6 2. d4 d5 3. e5 Bf5 4. Nf3 e6 5. Be2 Nd7 6. O-O c5 7. Be3 Rc8 8. c3 a6
9. a4 cxd4 10. Bxd4 Bc5 11. Bd3 Bxd3 12. Qxd3 Ne7 13. Nbd2 O-O 14. Ng5 Ng6 15.
Ndf3 Re8 16. Rfe1 Bxd4 17. Qxd4 Rc4 18. Qe3 h6 19. Nh3 Re4 20. Qd2 Ndxe5 21.
Nxe5 Nxe5 22. Rxe4 dxe4 23. Qf4 Qd5 24. Qe3 Rd8 25. Nf4 Qd1+ 26. Qe1 Qxe1+ 27.
Rxe1 g5 28. Nh5 f5 29. f3 1/2-1/2

[Event "DEM U12/U12w 2009"]
[Site "Willingen GER"]
[Date "2009.05.31"]
[Round "1"]
[White "Gaßmann, Linda"]
[Black "Gabriel, Liem Thanh"]
[Result "0-1"]
[Termination "normal"]
[Board "40"]
[WhiteElo "1143"]
[BlackElo "1798"]
[PlyCount "107"]
[WhiteFideId "12900451"]
[BlackFideId "24696005"]
[EventCountry "GER"]
[EventRounds "11"]
[EventType "swiss"]
[EventDate "2009.05.30"]

1. e4 e6 2. d4 d5 3. exd5 exd5 4. Nf3 Bd6 5. Nc3 c6 6. Bd3 Nf6 7. h3 Be6 8. Bd2
Qc7 9. Qe2 Nbd7 10. O-O-O O-O-O 11. Ng5 Rde8 12. Qf3 h6 13. Nxe6 Rxe6 14. Bf5
Re7 15. Rhe1 Rhe8 16. Rxe7 Rxe7 17. Re1 Rxe1+ 18. Bxe1 Bf4+ 19. Bd2 Bxd2+ 20.
Kxd2 Qb6 21. Bxd7+ Nxd7 22. Kd3 f6 23. Qg4 Qc7 24. Na4 b6 25. b3 Kd8 26. Nb2 c5
27. Qe6 Qb7 28. c3 Kc7 29. c4 dxc4+ 30. Qxc4 Qxg2 31. Qa6 Qf3+ 32. Kc4 Qe2+ 33.
Nd3 Qc2+ 34. Kd5 cxd4 35. Kxd4 Qc6 36. Qxa7+ Kd8 37. Qa3 Ke8 38. Qb4 Qe6 39. h4
Kf7 40. Qc4 Qxc4+ 41. Kxc4 Ke6 42. a4 g5 43. hxg5 fxg5 44. b4 h5 45. a5 bxa5
46. bxa5 h4 47. Kd4 h3 48. f3 Kd6 49. Nf2 h2 50. Ke3 Ne5 51. f4 Ng4+ 52. Kf3
Nxf2 53. Kg2 h1=Q+ 54. Kxf2 0-1

[Event "DEM U12/U12w 2009"]
[Site "Willingen GER"]
[Date "2009.05.31"]
[Round "1"]
[White "Abrahamyan, Arsen"]
[Black "Edel, Fenja"]
[Result "1-0"]
[Termination "normal"]
[Board "41"]
[WhiteElo "1573"]
[BlackElo "1142"]
[PlyCount "95"]
[WhiteFideId "1271755"]
[BlackFideId "24696749"]
[EventCountry "GER"]
[EventRounds "11"]
[EventType "swiss"]
[EventDate "2009.05.30"]

1. e4 e6 2. Nf3 d5 3. Nc3 Nf6 4. e5 Nfd7 5. d4 c5 6. dxc5 Bxc5 7. Bd3 O-O 8.
Bxh7+ Kh8 9. Bd3 f6 10. exf6 Qxf6 11. O-O Nc6 12. Ng5 g6 13. Qg4 Kg8 14. Qxe6+
Qxe6 15. Nxe6 Rf6 16. Nxc5 Nxc5 17. Nxd5 Rd6 18. Bc4 Kg7 19. b4 Ne6 20. Bb2+
Kf7 21. Nc7 Rb8 22. Nxe6 Bxe6 23. Bxe6+ Rxe6 24. a3 Rd8 25. Rad1 Red6 26. Rxd6
Rxd6 27. Bc3 a6 28. Re1 Rd5 29. h3 Ne7 30. Re2 Nf5 31. Rd2 Rxd2 32. Bxd2 Ke6
33. Kf1 Kd5 34. Ke2 Nd4+ 35. Kd3 b5 36. Bc3 Ne6 37. Bd2 Ke5 38. c4 bxc4+ 39.
Kxc4 Kd6 40. g4 Ke5 41. f4+ Ke4 42. b5 axb5+ 43. Kxb5 Nd4+ 44. Kc4 Nc6 45. a4
Na7 46. a5 Nc6 47. a6 Na7 48. Kc5 1-0

[Event "DEM U12/U12w 2009"]
[Site "Willingen GER"]
[Date "2009.05.31"]
[Round "1"]
[White "Velkina, Elina"]
[Black "Pixa, Richard"]
[Result "0-1"]
[Termination "normal"]
[Board "42"]
[WhiteElo "1113"]
[BlackElo "1788"]
[PlyCount "70"]
[WhiteFideId "1271679"]
[BlackFideId "4626095"]
[EventCountry "GER"]
[EventRounds "11"]
[EventType "swiss"]
[EventDate "2009.05.30"]

1. e4 e6 2. d4 d5 3. Nc3 Nf6 4. exd5 exd5 5. Bd3 Bd6 6. Nf3 O-O 7. O-O Bg4 8.
Bg5 c6 9. Re1 Nbd7 10. h3 Bh5 11. a3 Qc7 12. b4 b5 13. Kh1 a5 14. Na2 Bg6 15.
c3 axb4 16. axb4 Bxd3 17. Qxd3 Ne4 18. Qc2 h6 19. Be3 Nb6 20. Nd2 Nxd2 21. Bxd2
Nc4 22. Rad1 Ra7 23. Nc1 Rfa8 24. Qf5 Ra3 25. Ne2 Re8 26. Qg4 Nxd2 27. Rxd2
Rxc3 28. Rdd1 Rc2 29. f3 Rcxe2 30. Rxe2 Rxe2 31. f4 Rb2 32. Re1 Qd8 33. f5 Qf6
34. Re8+ Kh7 35. Qh5 Rb1+ 0-1

[Event "DEM U12/U12w 2009"]
[Site "Willingen GER"]
[Date "2009.05.31"]
[Round "1"]
[White "Ott, Florian"]
[Black "Heinemann, Josefine"]
[Result "1-0"]
[Termination "normal"]
[Board "43"]
[WhiteElo "1567"]
[BlackElo "1062"]
[PlyCount "95"]
[WhiteFideId "12900281"]
[BlackFideId "12900460"]
[EventCountry "GER"]
[EventRounds "11"]
[EventType "swiss"]
[EventDate "2009.05.30"]

1. Nf3 d5 2. d4 Nf6 3. c4 e6 4. Bg5 Be7 5. Nc3 b6 6. e3 Bb7 7. Bd3 c5 8. Rc1
Nbd7 9. Bf4 O-O 10. Nb5 a6 11. Nd6 Bxd6 12. Bxd6 Re8 13. cxd5 exd5 14. dxc5
bxc5 15. Qb3 Bc6 16. Bxc5 Nxc5 17. Rxc5 Rc8 18. Bxa6 Ba4 19. Rxc8 Bxb3 20. Rxd8
Rxd8 21. axb3 Ra8 22. Be2 Ra1+ 23. Bd1 Ne4 24. O-O Rb1 25. Bc2 Rxb2 26. Bxe4
dxe4 27. Nd4 Ra2 28. Rb1 Kf8 29. g4 Ke7 30. Nf5+ Kf6 31. b4 g6 32. Nd6 Kg5 33.
Nxe4+ Kxg4 34. b5 f5 35. Nf6+ Kf3 36. b6 Rxf2 37. Rf1 Rxf1+ 38. Kxf1 Kxe3 39.
b7 f4 40. b8=Q f3 41. Qb3+ Kf4 42. Kf2 Kg5 43. Nxh7+ Kh6 44. Nf6 Kg7 45. Qe6
Kh6 46. h4 Kg7 47. Qe7+ Kh6 48. Qh7# 1-0

[Event "DEM U12/U12w 2009"]
[Site "Willingen GER"]
[Date "2009.05.31"]
[Round "1"]
[White "Behr, Jessica"]
[Black "Müller, Constantin"]
[Result "0-1"]
[Termination "normal"]
[Board "44"]
[WhiteElo "1053"]
[BlackElo "1565"]
[PlyCount "146"]
[BlackFideId "24697630"]
[EventCountry "GER"]
[EventRounds "11"]
[EventType "swiss"]
[EventDate "2009.05.30"]

1. e4 e6 2. d4 d5 3. exd5 exd5 4. Nf3 Bd6 5. Bd3 Bg4 6. h3 Bh5 7. g4 Bg6 8. Bg5
Ne7 9. Nc3 c6 10. Nh4 Bxd3 11. Qxd3 h6 12. Be3 Qd7 13. O-O-O Na6 14. Kb1 O-O-O
15. f4 g6 16. Bd2 Rde8 17. Rde1 Qc7 18. Ng2 Rhf8 19. f5 g5 20. b3 Ng8 21. Rxe8+
Rxe8 22. f6 Kb8 23. Qh7 Bf4 24. Ne3 Bxe3 25. Bxe3 Nxf6 26. Qd3 Qg3 27. Nd1 Nc7
28. Rf1 Qd6 29. Nc3 Re6 30. Na4 b6 31. Nb2 Qg3 32. Bf2 Qxd3 33. Nxd3 Ne4 34.
Be3 f6 35. Kb2 Ne8 36. Re1 Ng7 37. Nf2 f5 38. Nxe4 Rxe4 39. Bf2 Rxe1 40. Bxe1
f4 41. Kc1 Ne8 42. c4 Nf6 43. Kc2 Ne4 44. Kd3 a5 45. a4 Kc7 46. h4 Nf6 47. cxd5
cxd5 48. Ke2 Nxg4 49. Kf3 Nf6 50. hxg5 hxg5 51. b4 axb4 52. Bxb4 Kb7 53. a5
bxa5 54. Bxa5 Kc6 55. Bb4 Kb5 56. Bc5 Kc4 57. Ba7 Ne4 58. Bb6 Kb5 59. Ba7 Ka6
60. Bc5 Nxc5 61. dxc5 Kb5 62. Kg4 Kxc5 63. Kxg5 f3 64. Kf4 f2 65. Ke5 f1=Q 66.
Ke6 d4 67. Ke7 d3 68. Ke8 Qf6 69. Kd7 Qd6+ 70. Ke8 Qc7 71. Kf8 d2 72. Ke8 d1=R
73. Kf8 Rd8# 0-1

[Event "DEM U12/U12w 2009"]
[Site "Willingen GER"]
[Date "2009.05.31"]
[Round "1"]
[White "Richter, Leonard"]
[Black "Paliy, Margaryta"]
[Result "1-0"]
[Termination "normal"]
[Board "45"]
[WhiteElo "1553"]
[BlackElo "1047"]
[PlyCount "87"]
[WhiteFideId "12900290"]
[BlackFideId "24692417"]
[EventCountry "GER"]
[EventRounds "11"]
[EventType "swiss"]
[EventDate "2009.05.30"]

1. e4 e5 2. Nf3 Nc6 3. d4 Bd6 4. d5 Nd4 5. Nxd4 exd4 6. Qxd4 Qf6 7. Qxf6 Nxf6
8. Nc3 Bb4 9. Bd3 O-O 10. O-O Bxc3 11. bxc3 d6 12. c4 h6 13. Bb2 Nd7 14. Rae1
Nc5 15. f4 f6 16. e5 fxe5 17. fxe5 Rxf1+ 18. Rxf1 dxe5 19. Bxe5 Nxd3 20. cxd3
Bg4 21. Rb1 b6 22. Bxc7 Be2 23. d6 Kf7 24. d7 Ke7 25. d8=Q+ Rxd8 26. Bxd8+ Kxd8
27. Re1 Bxd3 28. Rd1 Kc7 29. Rxd3 a5 30. Rg3 g5 31. Rh3 b5 32. cxb5 Kb6 33.
Rxh6+ Kxb5 34. Rh5 Kb4 35. Rxg5 a4 36. h4 Ka3 37. h5 Kxa2 38. h6 a3 39. h7 Kb1
40. h8=Q a2 41. Rb5+ Kc2 42. Qb2+ Kd1 43. Qxa2 Ke1 44. Rb1# 1-0

[Event "DEM U12/U12w 2009"]
[Site "Willingen GER"]
[Date "2009.05.31"]
[Round "1"]
[White "Sadjjadi, Anahita"]
[Black "Oehne, Timo"]
[Result "0-1"]
[Termination "normal"]
[Board "46"]
[WhiteElo "1010"]
[BlackElo "1551"]
[PlyCount "52"]
[BlackFideId "24661635"]
[EventCountry "GER"]
[EventRounds "11"]
[EventType "swiss"]
[EventDate "2009.05.30"]

1. e4 g6 2. Nf3 d6 3. d4 Bg7 4. Nc3 Nf6 5. Bc4 Nxe4 6. Nxe4 d5 7. Bxd5 Qxd5 8.
Qd3 Bf5 9. Nfd2 Bh6 10. Qe2 Bxd2+ 11. Nxd2 Qxg2 12. Qf3 Qxf3 13. Nxf3 Bxc2 14.
Ne5 Nd7 15. b3 Nxe5 16. dxe5 O-O-O 17. Bb2 e6 18. Rc1 Be4 19. Rg1 Rd7 20. a4
Rhd8 21. Rg3 Rd3 22. Ra1 Rd2 23. Bc3 R2d3 24. Bb2 Bf3 25. Rxf3 Rxf3 26. Ke2
Rxb3 0-1

[Event "DEM U12/U12w 2009"]
[Site "Willingen GER"]
[Date "2009.05.31"]
[Round "1"]
[White "Myagkov, Kirill"]
[Black "Müller, Max"]
[Result "1-0"]
[Termination "normal"]
[Board "47"]
[WhiteElo "1551"]
[BlackElo "962"]
[PlyCount "105"]
[WhiteFideId "24657042"]
[BlackFideId "12900486"]
[EventCountry "GER"]
[EventRounds "11"]
[EventType "swiss"]
[EventDate "2009.05.30"]

1. e4 e5 2. Nf3 Nc6 3. Bc4 Bc5 4. c3 d6 5. d4 exd4 6. cxd4 Bb6 7. h3 Nge7 8.
O-O O-O 9. Nc3 h6 10. Be3 Ng6 11. Qc2 Nb4 12. Qb3 Nc6 13. Qd1 Re8 14. Qb3 Be6
15. Bxe6 Rxe6 16. Qd1 Re8 17. a3 Nce7 18. Nd2 c5 19. Nc4 cxd4 20. Bxd4 Bxd4 21.
Qxd4 Nc8 22. Rad1 Re6 23. Nb5 Nf4 24. Rfe1 Rg6 25. Nbxd6 Nxd6 26. Nxd6 Qg5 27.
g3 Nxh3+ 28. Kf1 Rd8 29. e5 Qh5 30. Qd5 Ng5 31. Qxb7 Qh3+ 32. Qg2 Qxg2+ 33.
Kxg2 h5 34. f4 Nh7 35. Rh1 Rh6 36. Nf5 Rxd1 37. Rxd1 Rb6 38. Rd8+ Nf8 39. Ne7+
Kh7 40. Rxf8 Rxb2+ 41. Kh3 f6 42. exf6 gxf6 43. Rxf6 Kg7 44. Rf5 Rb7 45. Rg5+
Kf6 46. Nd5+ Ke6 47. Nb4 Rc7 48. Rxh5 Rc3 49. Rh6+ Kd7 50. Rh7+ Kd6 51. Rxa7
Rc7 52. Rxc7 Kxc7 53. a4 1-0

[Event "DEM U12/U12w 2009"]
[Site "Willingen GER"]
[Date "2009.05.31"]
[Round "1"]
[White "Genath, Maren"]
[Black "Koop, Thorben"]
[Result "0-1"]
[Termination "normal"]
[Board "48"]
[WhiteElo "924"]
[BlackElo "1735"]
[PlyCount "110"]
[BlackFideId "24661619"]
[EventCountry "GER"]
[EventRounds "11"]
[EventType "swiss"]
[EventDate "2009.05.30"]

1. e4 d5 2. exd5 Nf6 3. Nc3 Nxd5 4. Nxd5 Qxd5 5. Qf3 Qd8 6. Bc4 e6 7. d3 Nc6 8.
Ne2 Be7 9. O-O Bf6 10. Re1 Ne5 11. Qf4 Nxc4 12. Qxc4 Bd7 13. Nf4 c6 14. c3 Qe7
15. Be3 b6 16. Bd4 Bxd4 17. Qxd4 O-O 18. Nh5 f6 19. Re3 Be8 20. Qg4 f5 21. Qf3
g5 22. Ng3 f4 23. Re2 fxg3 24. Qxg3 Bg6 25. Rae1 Bf5 26. Qf3 Qd7 27. d4 Rae8
28. Qh5 Qd8 29. Qh6 Qf6 30. Qxf6 Rxf6 31. h3 Bg6 32. c4 Kf8 33. b4 h6 34. a4
Bd3 35. Re3 Bxc4 36. Rc3 Bd5 37. a5 Kg8 38. Re5 Rf5 39. Rxf5 exf5 40. f3 Re2
41. Kf1 Rd2 42. axb6 axb6 43. Ra3 Rxd4 44. Ra4 c5 45. Ra3 Rxb4 46. Re3 Kf7 47.
Re5 Be6 48. g4 f4 49. Ke2 Kf6 50. Re4 Rxe4+ 51. fxe4 Ke5 52. Ke1 Kxe4 53. Kf2
c4 54. Ke2 c3 55. Kd1 f3 0-1

[Event "DEM U12/U12w 2009"]
[Site "Willingen GER"]
[Date "2009.05.31"]
[Round "1"]
[White "Kasel, Ronaldo"]
[Black "Wagner, Swenja"]
[Result "1-0"]
[Termination "normal"]
[Board "49"]
[WhiteElo "1544"]
[BlackElo "833"]
[PlyCount "97"]
[WhiteFideId "24660949"]
[BlackFideId "12900494"]
[EventCountry "GER"]
[EventRounds "11"]
[EventType "swiss"]
[EventDate "2009.05.30"]

1. e4 e5 2. Nf3 Nc6 3. Bc4 Bc5 4. Nc3 Nf6 5. d3 d6 6. Bg5 Bg4 7. h3 Bh5 8. Qd2
h6 9. Bh4 Nd4 10. Nxd4 Bxd4 11. Nd5 c6 12. Nxf6+ gxf6 13. c3 d5 14. exd5 cxd5
15. Bb5+ Kf8 16. cxd4 exd4 17. Qb4+ Qe7+ 18. Qxe7+ Kxe7 19. O-O Rhg8 20. Rfe1+
Kd6 21. Bxf6 Rg6 22. Bxd4 a6 23. Be8 Rg8 24. Ba4 Rg5 25. f4 Rg3 26. Be5+ Ke7
27. f5 Rxd3 28. Bc2 Rd2 29. Bf4+ Re2 30. Rxe2+ Bxe2 31. Re1 Re8 32. Rxe2+ Kd7
33. Rxe8 Kxe8 34. Bxh6 Kd7 35. f6 Ke6 36. Bg7 b6 37. h4 b5 38. h5 a5 39. h6 Kd6
40. h7 a4 41. h8=Q Kc5 42. Qf8+ Kc4 43. Qxf7 Kc5 44. Qc7+ Kb4 45. Qd6+ Kc4 46.
Qc6+ Kd4 47. f7+ Ke3 48. Kf1 b4 49. Qh6# 1-0

[Event "DEM U12/U12w 2009"]
[Site "Willingen GER"]
[Date "2009.05.31"]
[Round "2"]
[White "Lieber, Carl"]
[Black "Svane, Rasmus"]
[Result "0-1"]
[Termination "normal"]
[Board "1"]
[WhiteElo "1587"]
[BlackElo "2034"]
[PlyCount "58"]
[BlackFideId "4657101"]
[EventCountry "GER"]
[EventRounds "11"]
[EventType "swiss"]
[EventDate "2009.05.30"]

1. e4 c5 2. Nf3 Nc6 3. d4 cxd4 4. Nxd4 g6 5. Nc3 Bg7 6. Be3 Nf6 7. f3 O-O 8.
Qd2 d5 9. Nxc6 bxc6 10. Rd1 Be6 11. Qf2 Rb8 12. Bc4 Rxb2 13. e5 Qa5 14. Qd2
dxc4 15. exf6 Bxf6 16. Bd4 Rd8 17. Nd5 Qxd2+ 18. Rxd2 Bxd4 19. Rxd4 Rxd5 20.
Rxd5 cxd5 21. O-O Rxc2 22. Re1 d4 23. Rd1 d3 24. h3 d2 25. Kh2 c3 26. Rb1 Rc1
27. Rb8+ Kg7 28. a4 d1=Q 29. Rb5 Qd6+ 0-1

[Event "DEM U12/U12w 2009"]
[Site "Willingen GER"]
[Date "2009.05.31"]
[Round "2"]
[White "Blübaum, Matthias"]
[Black "Kast, Joannis"]
[Result "1-0"]
[Termination "normal"]
[Board "2"]
[WhiteElo "2051"]
[BlackElo "1618"]
[PlyCount "91"]
[WhiteFideId "24651516"]
[BlackFideId "24698776"]
[EventCountry "GER"]
[EventRounds "11"]
[EventType "swiss"]
[EventDate "2009.05.30"]

1. d4 d5 2. c4 dxc4 3. e4 e5 4. Nf3 exd4 5. Bxc4 Bb4+ 6. Bd2 Bxd2+ 7. Nbxd2 Ne7
8. O-O O-O 9. Nb3 Bg4 10. Nbxd4 Nd7 11. h3 Bh5 12. Qb3 Nb6 13. Be2 c6 14. Rad1
Qc7 15. Rd2 Rad8 16. Rfd1 Bg6 17. a4 Kh8 18. Bd3 Kg8 19. Bb1 Nbc8 20. Qc3 Nb6
21. Bc2 Nbc8 22. Nb5 Rxd2 23. Nxc7 Rxd1+ 24. Bxd1 Bxe4 25. Qe5 Bxf3 26. Bxf3
Rd8 27. a5 Ng6 28. Qg3 Nce7 29. a6 b6 30. Bg4 Kf8 31. Qc3 Kg8 32. b4 Kf8 33. b5
c5 34. Qe3 Kg8 35. f4 Nd5 36. Nxd5 Rxd5 37. Qe8+ Nf8 38. Qa8 Rd4 39. Qxa7 Rxf4
40. Qxb6 c4 41. a7 Rf6 42. Qd8 h6 43. a8=Q Kh7 44. Qxf6 gxf6 45. Qxf8 Kg6 46.
Qg8# 1-0

[Event "DEM U12/U12w 2009"]
[Site "Willingen GER"]
[Date "2009.05.31"]
[Round "2"]
[White "Hümmecke, Aaron"]
[Black "Wagner, Dennis"]
[Result "0-1"]
[Termination "normal"]
[Board "3"]
[WhiteElo "1578"]
[BlackElo "2024"]
[PlyCount "108"]
[WhiteFideId "24692522"]
[BlackFideId "24650684"]
[EventCountry "GER"]
[EventRounds "11"]
[EventType "swiss"]
[EventDate "2009.05.30"]

1. e4 e5 2. Nf3 Nc6 3. Bb5 a6 4. Bxc6 dxc6 5. Nc3 f6 6. d4 exd4 7. Qxd4 Qxd4 8.
Nxd4 Bd7 9. Bf4 Bd6 10. Bg3 O-O-O 11. O-O-O Ne7 12. f4 Ng6 13. Rhf1 Rhe8 14.
Nb3 b6 15. a3 c5 16. Nd5 Bb5 17. Rfe1 Bc6 18. f5 Bxg3 19. hxg3 Bxd5 20. exd5
Rxe1 21. Rxe1 Ne5 22. Rd1 c4 23. Nd4 Rxd5 24. Ne6 Rxd1+ 25. Kxd1 g5 26. fxg6
hxg6 27. Ke2 Kd7 28. Nd4 Kd6 29. Ke3 b5 30. Ne2 c5 31. Nc3 Kc6 32. Kf4 Nd7 33.
Ke4 b4 34. axb4 cxb4 35. Nd5 Kc5 36. Ne7 Ne5 37. Nd5 Nd7 38. Ne7 Nf8 39. Nd5
Nh7 40. Ne7 Nf8 41. Nd5 a5 42. b3 cxb3 43. cxb3 f5+ 44. Ke5 Nd7+ 45. Ke6 Nf8+
46. Ke5 Nd7+ 47. Ke6 Kd4 48. Ne7 Nc5+ 49. Kf6 Nxb3 50. Nc6+ Kc5 51. Ne5 a4 52.
Nd3+ Kc4 53. Nb2+ Kb5 54. Nxa4 Kxa4 0-1

[Event "DEM U12/U12w 2009"]
[Site "Willingen GER"]
[Date "2009.05.31"]
[Round "2"]
[White "Lampert, Jonas"]
[Black "Abrahamyan, Arsen"]
[Result "1-0"]
[Termination "normal"]
[Board "4"]
[WhiteElo "1977"]
[BlackElo "1573"]
[PlyCount "77"]
[WhiteFideId "1303759"]
[BlackFideId "1271755"]
[EventCountry "GER"]
[EventRounds "11"]
[EventType "swiss"]
[EventDate "2009.05.30"]

1. e4 c5 2. Nf3 Nc6 3. d4 cxd4 4. Nxd4 e5 5. Nb5 d6 6. N1c3 a6 7. Na3 b5 8. Nd5
Nf6 9. Bg5 Be7 10. Bxf6 Bxf6 11. c3 O-O 12. Nc2 Bb7 13. Nce3 Bg5 14. a4 Bxe3
15. Nxe3 Ne7 16. axb5 axb5 17. Rxa8 Bxa8 18. Bd3 Qb6 19. O-O Rc8 20. Qb3 Ng6
21. Nd5 Bxd5 22. Qxd5 Nf4 23. Qxb5 Qxb5 24. Bxb5 Rb8 25. Ra1 g6 26. Ra5 Ne6 27.
b4 Rc8 28. Ra3 Nc7 29. Bc6 Ne8 30. b5 Kf8 31. f3 Rb8 32. Ra7 Nf6 33. Kf2 Nh5
34. g3 Ng7 35. Rd7 Ne6 36. Rxd6 Nc7 37. c4 Ne6 38. Bd5 Nc5 39. Rc6 1-0

[Event "DEM U12/U12w 2009"]
[Site "Willingen GER"]
[Date "2009.05.31"]
[Round "2"]
[White "Gabriel, Liem Thanh"]
[Black "Xu, Xianliang"]
[Result "0-1"]
[Termination "normal"]
[Board "5"]
[WhiteElo "1798"]
[BlackElo "1921"]
[PlyCount "86"]
[WhiteFideId "24696005"]
[BlackFideId "4603230"]
[EventCountry "GER"]
[EventRounds "11"]
[EventType "swiss"]
[EventDate "2009.05.30"]

1. e4 c5 2. Nf3 Nc6 3. d4 cxd4 4. Nxd4 g6 5. Nc3 Bg7 6. Be3 Nf6 7. Be2 O-O 8.
O-O d5 9. exd5 Nxd5 10. Nxd5 Nxd4 11. Bxd4 Qxd5 12. Bxg7 Qxd1 13. Raxd1 Kxg7
14. Bf3 Rb8 15. Rfe1 Be6 16. Bd5 Bxd5 17. Rxd5 Rfd8 18. Rdd1 Kf6 19. f3 Rbc8
20. c3 Rxd1 21. Rxd1 Rc6 22. Rd7 Rb6 23. b3 Ke6 24. Rd2 Rc6 25. Re2+ Kf6 26.
Re3 Rd6 27. Kf2 Rd2+ 28. Re2 Rd3 29. Re3 Rd2+ 30. Re2 Rd1 31. Rc2 e5 32. Ke3
Ke6 33. Rd2 Rxd2 34. Kxd2 Kd5 35. Kd3 b5 36. Ke3 f5 37. a3 a5 38. h3 a4 39. c4+
bxc4 40. b4 e4 41. Kd2 Kd4 42. fxe4 fxe4 43. b5 Ke5 0-1